书目信息 |
| 题名: |
数学物理方法
|
|
| 作者: | 陆全康 编 | |
| 分册: | 上册 | |
| 出版信息: | 上海 上海科学技术出版社 1982.1 |
|
| 页数: | 156页 | |
| 开本: | 20cm | |
| 丛书名: | ||
| 单 册: | ||
| 中图分类: | O411.1 | |
| 科图分类: | ||
| 主题词: | 理论物理学 | |
| 电子资源: | ||
| ISBN: | ||
| 000 | 00551nam0 2200205 45 | |
| 001 | 0312221749 | |
| 005 | 20060726110220.50 | |
| 010 | @dCNY0.59 | |
| 091 | @a13119.986 | |
| 100 | @a20031222d1982 km y0chiy0120 ea | |
| 101 | @achi | |
| 105 | @a z 000yy | |
| 200 | 1 | @a数学物理方法@h上册@AShu Xue Wu Li Fang Fa@f陆全康编@FLu Quan Kang Bian |
| 210 | @a上海@c上海科学技术出版社@d1982.1 | |
| 215 | @a156页@d20cm | |
| 606 | 0 | @a理论物理学 |
| 690 | @aO411.1@v3 | |
| 701 | 0 | @a陆全康@4编 |
| 801 | @aCN@bTSTCL@c20060726 | |
| 905 | @dO411.1@e10:1@b64728@f1 | |
| 数学物理方法.上册/陆全康编.-上海:上海科学技术出版社,1982.1 |
| 156页;20cm |
| ISBN :CNY0.59 |
| ● |
| 相关链接 |
|
|
|
|
正题名:数学物理方法
索取号:O411.1/10:1
 
预约/预借
| 序号 | 登录号 | 条形码 | 馆藏地/架位号 | 状态 | 备注 |
| 1 | 0064726 | 000401078 | 密集书库/ [索取号:O411.1/10:1] | 在馆 | |
| 2 | 0064727 | 000401087 | 密集书库/ [索取号:O411.1/10:1] | 在馆 | |
| 3 | 0064728 | 001942562 | 第三借阅区/ [索取号:O411.1/10:1] | 在馆 | |
| 4 | 0064729 | 000401112 | 密集书库/ [索取号:O411.1/10:1] | 在馆 |